Responses for Show #6207 - Tuesday, September 20, 2011

Justin Sausville game 4.

Contestants

[<< previous game]

Ken Herrera, an MBA student originally from Denver, Colorado

Alex Liteplo, an educational publishing digital producer from Wakefield, Massachusetts

Justin Sausville, a urologist from Baltimore, Maryland (whose 3-day cash winnings total $76,800)

[next game >>]

Jeopardy! Round responses

EARLY MAN
TV TITLE ROLE PLAYING
AGING GRACEFULLY
STATELY RIVERS
WAYS TO LOSE MONEY
ONE VOWEL ONLY
(Alex Trebek: ...in each correct response.)
    $200 6
the missing link

Ken
    $200 1
Miley Cyrus

Justin
    $200 11
ultraviolet rays

Ken
    $200 16
the Mississippi

Ken
    $200 21
a swindle

Ken
    $200 26
Mars

Justin
    $400 7
fire

Ken
    $400 2
(Ken: Who is...)

Tony Shalhoub

JustinKen
    $400 12
exfoliate

Alex
    $400 17
the Colorado

Justin
    $400 22
Florida

Justin
    $400 27
a dirk

Ken
    $600 8
the Woolly Mammoth

Justin
    $600 3
Julianna Margulies

Alex
    $600 13
laugh lines

Ken
    $600 18
(Justin: What is the, uh, Red River?)
(Ken: What is the Missouri River?)

the Arkansas River

JustinKen
Triple Stumper
    $600 23
fleeced

Alex
    $600 28
a wrench

Alex
    $800 9
the thumb

Alex
    $800 4
Hal Linden

Triple Stumper
    $800 14
radicals

Ken
    $800 19
(Justin: What is the Tennessee?)

the Alabama River

Justin
Triple Stumper
    $800 24
a soft touch

Justin
    $800 29
Chad

Alex
    $1000 10
Homo erectus

Alex
    $1000 5
Zachary Levi

Triple Stumper
    $1000 15
zinc

Ken
    $1,000 20
the Delaware River

Justin
    $1000 25
a money pit

Alex
    $1000 30
Polk

Justin

Scores at the first commercial break (after clue 15):

Justin Alex Ken
$1,200 $2,800 $2,800

Scores at the end of the Jeopardy! Round:

Justin Alex Ken
$3,600 $5,800 $3,000

Double Jeopardy! Round responses

LATE MAN
A CELTIC CATEGORY
ISN'T IT "GRAND"?
THIS IS A JOB FOR A HERO
(Alex Trebek: You have to name each literary hero's profession.)
THE WHITE HOUSE
SIBLING REVELRY
    $400 21
Xerox

Justin
    $400 16
Julius Caesar

Ken
    $400 1
the Grand Canal

Justin
    $400 6
an attorney

Ken
    $400 11
a telegraph

Justin
    $400 26
the Coen Brothers

Ken
    $800 22
Cheez Doodles

Justin
    $800 17
Halloween

Justin
    $800 2
Grand Theft Auto

Justin
    $800 7
(Alex Trebek: [*]? We'll accept that, yes. He was more than that, of course. He was an [**].)

sailor (or officer)

Justin
    $800 12
the West Wing

Ken
    $800 27
(Justin: Who are [*] Brothers?)
[Originally ruled correct, reversed before Final Jeopardy! because Kim is a sister, not a brother]

the Wayans

Justin
Triple Stumper
    $1200 23
(Justin: What is D-Day?)
(Alex Trebek: Be more specific.)
(Justin: What is [*], 1944?)

June 6

Justin
    $1200 18
Gaelic

Ken
    $1200 3
a grand slam

Justin
    $1200 8
a private investigator

Triple Stumper
    $1200 13
the Oval Office

Alex
    $1200 28
the Marx Brothers

Justin
    $1600 24
MacArthur

Alex
    $1,800 19
druids

Ken
    $1600 4
the Grand Coulee Dam

Triple Stumper
    $1600 9
(Alex Trebek: Howard Roark, created by Ayn Rand, was [*].)

an architect

Triple Stumper
    $1600 14
the Blue Room

Justin
    $1600 29
Joan & John Cusack

Alex
    $2000 25
algebra

Justin
    $2000 20
a banshee

Alex
    $2000 5
the Grand Canyon Suite

Triple Stumper
    $2000 10
(Justin: [While calling the next clue] That went great. Let's try...)

the spy

Triple Stumper
    $2,200 15
the chief usher

Justin
    $2000 30
Sedaris

Ken

Scores at the end of the Double Jeopardy! Round:

Justin Alex Ken
$16,600 $12,200 $10,000

[wagering suggestions for these scores]

Final Jeopardy! Round responses

NAME'S THE SAME
KenWhat is cricket?
$6,801
AlexWhat is cricket?
$3,401
JustinWhat is cricket?
$7,801
cricket

Final scores:

Justin Alex Ken
$24,401 $15,601 $16,801
4-day champion: $101,201 3rd place: $1,000 2nd place: $2,000

Game dynamics:

Coryat scores:

Justin Alex Ken
$16,400 $12,200 $9,800
22 R
(including 2 DDs),
3 W
12 R,
0 W
16 R
(including 1 DD),
2 W

Combined Coryat: $38,400

[game clues] [game scores] [suggest correction]

Game tape date: 2011-08-02
The J! Archive is created by fans, for fans. Scraping, republication, monetization, and malicious use prohibited; this site may use cookies and collect identifying information. See terms. The Jeopardy! game show and all elements thereof, including but not limited to copyright and trademark thereto, are the property of Jeopardy Productions, Inc. and are protected under law. This website is not affiliated with, sponsored by, or operated by Jeopardy Productions, Inc. Join the discussion at JBoard.tv.